000 00360pab a2200145 454500
008 180718b2002 xxu||||| |||| 00| 0 eng d
100 _aPowar, K.B.
245 _aWTO, GATS and higher education: an Indian perspective
260 _c2002
300 _ap.5-13.
362 _a10 Jun
650 _aHigher education
773 _aUniversity News
909 _a52619
999 _c52619
_d52619